Возможности и очередные задачи сахарной промышленности в Сибири; Труды Первого Сибирского Краевого Научно-исследовательского Съезда; Т. 3: Доклады секции "Поверхность"

Detalles Bibliográficos
Parent link:Труды Первого Сибирского Краевого Научно-исследовательского Съезда/ Общество изучения Сибири и ее производительных сил ; под ред. Г. И. Черемных.— , 1927-
Т. 3: Доклады секции "Поверхность".— 1927.— С. 210-216.
Autor Principal: Лебедев С. В. Сергей Васильевич
Idioma:ruso
Publicado: 1927
Subjects:
Formato: Capítulo de libro
KOHA link:https://koha.lib.tpu.ru/cgi-bin/koha/opac-detail.pl?biblionumber=179387

MARC

LEADER 00000naa2a2200000 4500
001 179387
005 20231031170317.0
035 |a (RuTPU)RU\TPU\book\194462 
035 |a RU\TPU\tpu\7215 
090 |a 179387 
100 |a 20100420d1927 k y0rusy50 ca 
101 0 |a rus 
102 |a RU 
200 1 |a Возможности и очередные задачи сахарной промышленности в Сибири  |f С. В. Лебедев 
461 0 |0 (RuTPU)RU\TPU\book\193947  |t Труды Первого Сибирского Краевого Научно-исследовательского Съезда  |f Общество изучения Сибири и ее производительных сил ; под ред. Г. И. Черемных  |d 1927- 
463 0 |0 (RuTPU)RU\TPU\book\305534  |t Т. 3: Доклады секции "Поверхность"  |v С. 210-216.  |d 1927  |p 318 с. 
610 1 |a пищевая промышленность 
610 1 |a труды учёных ТПУ 
700 1 |a Лебедев  |b С. В.  |c российский химик-технолог питательных веществ  |c профессор Томского технологического института (1902-1930)  |f 1876-1938  |g Сергей Васильевич  |2 stltpush  |3 (RuTPU)RU\TPU\pers\19081 
801 0 |a RU  |b 63413507  |c 20011210  |g PSBO 
801 2 |a RU  |b 63413507  |c 20160302  |g PSBO 
942 |c BK